Statistics for Percy Jackson Ships

Click here to take the quiz!

General Stats

  • This quiz has been taken 1,025 times
  • The average score is 5 of 10

Answer Stats

Hint Answer % Correct
Annabeth and PercyPercabeth
97%
Frank and HazelFrazel
82%
Jason and PiperJasper
66%
Luke and AnnabethLukabeth
54%
Jason and ReynaJeyna
52%
Thalia and NicoThalico
45%
Poseidon and AthenaPothena
30%
Percy+ThaliaPerlia
30%
Leo and PiperPipeo
22%
Percy and RachelPrachel
12%

Score Distribution

Percentile by Number Answered

Percent of People with Each Score

Your Score History

You have not taken this quiz